000 00671nam a2200217Ia 4500
003 GCL
008 140319s9999 xx 000 0 ara d
040 _aGCL /
_cGCL
082 0 4 _a956.705
_bه ا
100 1 _aهانى الفكيكى
245 1 0 _aاوكار الهزيمة: تجربتى فى حزب البعث العراقى /
_cهانى الفكيكى
260 _a[S.N] :
_bرياض الريس للكتب والنشر
300 _a385 ص
490 _a
650 0 4 _aالعصر الحديث
650 0 4 _aتاريخ
650 0 4 _aالعراق
650 0 4 _aالاحزاب السياسية
650 0 4 _aعبدالكريم القاسم
942 _2ddc
_cBK
999 _c30433
_d30433